000 01157nam a22003497a 4500
003 CHAP
005 20220329141750.0
008 971013s1981 r 00010 d
010 _a73465
011 _a74437
035 _a83996
040 _cCHAP
082 _a636.2
_bA55
100 0 0 _aAlbers, G. A. A.
_93467
245 _aGenetic resistance to experimental Cooperia onchophora infections in calves
260 _aWageningen :
_bVeenman & Zonen,
_c1981
300 _a118 p.
_b; gráfs.
490 _aMededelingen Landbouwhogeschool
590 _aBATCH-UPD
_b10
_c20130110
_lUCH01
_h0144
590 _aBATCH-UPD
_b10
_c20130110
_lUCH01
_h0735
590 _aBATCH-UPD
_b10
_c20130409
_lUCH01
_h2143
590 _aBATCH-UPD
_b10
_c20130410
_lUCH01
_h1412
590 _aBATCH-UPD
_b10
_c20130913
_lUCH01
_h2347
590 _aCONVERSION
_b10
_c20130109
_lUCH01
_h1340
650 1 4 _aBecerros
_xParásitos.
_911185
650 1 4 _aCooperia.
_927807
650 1 4 _aGanado vacuno
_xGenética.
_945470
830 0 _aMededelingen Landbouwhogeschool
_973858
901 _aBK
942 _cLIBRO
949 _a636.2 A55
_bBC
_cLIBRO
_d33724000265757
_eLIBRO
_h54080
_i83996
_mD.
_si
999 _c73465
_d73465